000 01221nam a2200301 a 4500
001 BRCA_3300
005 20190320204218.0
008 190309s1867----u--#---###---#000-0#eng-#
041 _aeng
044 _au
084 _a594
_b.L57
_c1867
100 1 _aCervantes Saavedra, Miguel de
_d1547-1616
_9213
245 1 0 _aDon Quixote de la Mancha
_cTranslated from the Spanish of Miguel de Cervantes Saavedra by Charles Jarvis.
260 _aFiladelfia
_bJ. B. Lippincott and Co.
_c1867
300 _a1 v. en 2 partes (335 p.)
_c19 cm.
500 _aContenido : Primera parte. Retrato de Cervantes. Prólogo del autor. Segunda parte. Prólogo del autor
500 _aOtra edición noteamericana de la traducción de Jarvis. Edición económica. Tela Lúdovik Osterc
500 _aQM478A
546 _aTexto en : inglés
650 1 4 _aNovela española
_yÉpoca clásica, 1500-1700
_9215
650 1 4 _aLiteratura española
_yÉpoca clásica, 1500-1700
_9216
650 1 4 _aNovela española
_ySiglo XVII
_9217
650 1 4 _aDon Quijote (Personaje ficticio)
_eNovela
_9218
700 1 _aJarvis, Charles
_d?-1739
_eTraductor
_98740
740 0 _aEl Ingenioso Hidalgo Don Quijote de la Mancha
902 _aQFM
942 _2lcc
_cB
999 _c3036
_d3036